Leader xxxxxxxxxx
001 __ 102593/3/01
005 __ 20190417142321.524
010 0_ |a9789861896601|b精裝|d新臺幣350元
042 __ |anbic
100 __ |a20190417d2018 km y0chiy50 b
101 1_ |achi|ceng
102 __ |atw
105 __ |aa z 000fy
200 1_ |a麗池的異想世界|e龍蝦治百瞎|f麗池克萊姆(Liz Climo)文.圖|g賴云倩譯
205 __ |a初版
210 __ |a臺北市|c格林文化|d2018[民107]
215 0_ |a111面|c彩圖|d24公分
527 11 |aLobster is the best medicine : a collection of Comicsabout friendship|zeng
517 1_ |a龍蝦治百瞎|zchi
700 _1 |a克萊姆|c(Climo, Liz)|4文.圖
702 _1 |a賴|b云倩|4譯
750 _1 |aClimo|bLiz
681 __ |a873.59|b8586
801 _0 |atw|bLibDipper|c20190417|gCCR
|